International Journal of Innovation (Запис № 420929)

МАРК-запис
000 -Лідер
fixed length control field 01427nam a22002657a 4500
003 - Ідентифікатор контрольного номера
control field UA-OsUOA
001 - Контрольний номер
control field 132371
007 - Фіксоване поле фізичного опису
fixed length control field ta
008 - Елементи даних фіксованої довжини – загальна інформація
fixed length control field 20180724b un ||||| |||| 00| 0 ukr d
090 ## - Локальний шифр розміщення
Авторський знак (НП) І-78
040 ## - Джерело каталогізації
Агенція оригінальної каталогізації UA-OsUOA
Мова каталогізації eng
Агенція, яка здійснювала перезапис UA-OsUOA
Агенція, яка здійснювала модифікацію UA-OsUOA
041 ## - Код мови
Код мови тексту/ звукової доріжки чи окремого заголовка (П) eng
022 ## - Міжнародний стандартний серіальний номер (ISSN)
Міжнародний стандартний серіальний номер (ISSN) 2318-9975
245 ## - Відомості про назву
Назва (НП) International Journal of Innovation
260 ## - Публікація, розповсюдження і т.п. (Вихідні дані)
Дата публікації, розповсюдження і т.п. (П) 2017
246 31 - Інша форма назви
Назва (НП) 1
Номер частини/ розділ роботи (П)
520 3# - Резюме і т.п.
Резюме, реферат, анотація, тощо (НП) The International Journal of Innovation (IJI Journal) comes out as a result of efforts of researchers linked to distinct nuclei and research/studying groups in Universities around the world. It is an academic publication vehicle on innovation at large
520 3# - Резюме і т.п.
Резюме, реферат, анотація, тощо (НП) . IJI Journal comes out to support scientific research and state-of-the-art knowledge, Regional or national economic development/policies related to innovation, Regional innovation strategies. The journal adopts a rather multifaceted approach to t
520 3# - Резюме і т.п.
Резюме, реферат, анотація, тощо (НП) he many challenges facing innovation than a narrow or single target on related areas. The journal is international in character and welcomes contributions to the knowledge on innovation with international scope in Emerging Economies as well. It is an o
520 3# - Резюме і т.п.
Резюме, реферат, анотація, тощо (НП) pen, peer-blinded reviewed research-based journal, abiding by the best editorial practices and norms.
650 #7 - Додаткове предметне введення – тематичний термін
Джерело заголовка чи терміна UDC
856 40 - Електронне місцезнаходження та доступ
Уніфікований ідентифікатор ресурсу (П) http://www.journaliji.org/index.php/iji/issue/view/9/showToc
942 ## - Додаткові елементи входу (Коха)
Тип елемента Koha Номер журналу
955 ## - Код типу видання за змістом
Код типу видання за змістом (НП) Наукові видання

Немає доступних примірників.